000 01272cam a2200361 i 4500
001 21968150
005 20260606142958.0
008 210401s2021 cau b 000 0 eng
010 _a 2021304030
020 _a9789353886929
_q(PB)
035 _a21968150
040 _aDLC
_beng
_erda
_cDLC
042 _apcc
050 0 0 _aTA347.A78
_bU63 2021
082 0 4 _a006.3
100 1 _aUpadhyay, Ashwani,
_eauthor.
245 1 0 _aAI revolution in HRM :
_bthe new scorecard. /
_cAshwani Upadhyay, Komal Khandelwal, Jayanthi Iyengar.
264 1 _aThousand Oaks, California :
_bSage Publications,
_c2021.
300 _axx, 228 pages ;
_c22 cm
336 _atext
_btxt
_2rdacontent
337 _aunmediated
_bn
_2rdamedia
338 _avolume
_bnc
_2rdacarrier
504 _aIncludes bibliographical references.
650 0 _aArtificial intelligence.
650 0 _aPersonnel departments
_xEmployees.
650 0 _aArtificial intelligence
_xIndustrial applications.
700 1 _aKhandelwal, Komal
700 1 _aIyengar, Jayanthi
856 _uhttps://sk.sagepub.com/books/ai-revolution-in-hrm
_yRead SAGE E-Book
906 _a7
_bcbc
_corignew
_d2
_encip
_f20
_gy-gencatlg
942 _2ddc
_cEBOOK
999 _c44748
_d44748